UBT Library

Legacies of the War on Poverty / (Record no. 42979)

000 -LEADER
fixed length control field 00791cam a2200253 i 4500
001 - CONTROL NUMBER
control field 17669666
005 - DATE AND TIME OF LATEST TRANSACTION
control field 20180221033817.0
008 - FIXED-LENGTH DATA ELEMENTS--GENERAL INFORMATION
fixed length control field 130322s2013 nyua b 001 0 eng
010 ## - LIBRARY OF CONGRESS CONTROL NUMBER
LC control number 2013009876
020 ## - INTERNATIONAL STANDARD BOOK NUMBER
International Standard Book Number 9780871540072 (pbk. : alk. paper)
020 ## - INTERNATIONAL STANDARD BOOK NUMBER
Cancelled/invalid ISBN 9781610448147 (ebook)
040 ## - CATALOGING SOURCE
Original cataloging agency DLC
Language of cataloging eng
Transcribing agency DLC
Description conventions rda
Modifying agency DLC
041 ## - LANGUAGE CODE
Language code of text/sound track or separate title eng
042 ## - AUTHENTICATION CODE
Authentication code pcc
080 ## - UNIVERSAL DECIMAL CLASSIFICATION NUMBER
Universal Decimal Classification number 362.5560973 BAI
082 00 - DEWEY DECIMAL CLASSIFICATION NUMBER
Classification number 362.5560973 BAI
Edition number 23
100 ## - Rafti
Rafti 16
101 ## - Shkurtesa
Shkurtesa HIS
245 00 - TITLE STATEMENT
Title Legacies of the War on Poverty /
Statement of responsibility, etc edited by Martha J. Bailey and Sheldon Danziger.
504 ## - BIBLIOGRAPHY, ETC. NOTE
Bibliography, etc Includes bibliographical references and index.
906 ## - LOCAL DATA ELEMENT F, LDF (RLIN)
a 7
b cbc
c orignew
d 1
e ecip
f 20
g y-gencatlg
942 ## - ADDED ENTRY ELEMENTS (KOHA)
Source of classification or shelving scheme
Item type Books
Holdings
Withdrawn status Lost status Source of classification or shelving scheme Damaged status Not for loan Collection code Permanent location Current location Shelving location Date acquired Total Checkouts Full call number Barcode Date last seen Price effective from Koha item type
          Koleksioni i përgjithshem UBT - Lipjan UBT - Lipjan Koleksioni i përgjithshem 02/21/2018   362.5560973 BAI 002-2998246 02/21/2018 02/21/2018 Books
UBT Library © 2015-2024. All rights reserved University Education for Business and Technology